000 00516nmm a2200169Ia 4500
008 251105s9999||||xx |||||||||||||||||und||
020 _a9789681670825
041 _aspa
100 _aMoreno de Alba, José G.
245 0 _aLa lengua española en México
264 _a[México D.C., Mexico] :
_bFondo de Cultura Económica,
_c2003
300 _a600 páginas
490 _aLengua y Estudios Literarios
650 _aHistory of language
856 _uhttps://public.digitaliapublishing.com/a/64616
942 _cCF
999 _c96958
_d96958